000 00224 a2200097 4500
001 15790
100 _aTurner
245 _aCollege entrance test scholastic aptitude test
260 _aLondon
_bArco
_c
090 _c12340
_d12340
942 _aNUST-CAE
_cM
_c2604
999 _c250863
_d250863